Statistics for Countries Closest to Antigua and Barbuda - 30 Second Sprint

Click here to take the quiz!

General Stats

  • This quiz has been taken 22 times
  • The average score is 10 of 20

Answer Stats

kmcountrymiles% Correct
1317Cuba819
89%
944Haiti586
83%
1414Jamaica878
83%
68St Kitts and Nevis42
78%
333St Lucia207
78%
154Dominica96
72%
688Dominican Republic427
67%
409St Vincent
and the Grenadines
254
67%
1230Bahamas764
61%
467Barbados290
50%
500Grenada311
50%
1134Colombia705
44%
696Venezuela433
44%
642Trinidad and Tobago399
39%
1318Brazil819
28%
998Aruba620
22%
126Sint Maarten78
22%
966Guyana600
17%
1338Suriname832
17%
923Curaçao573
11%

Score Distribution

Percentile by Number Answered

Percent of People with Each Score

Your Score History

You have not taken this quiz